| 000 | 01209nam a22003497a 4500 | ||
|---|---|---|---|
| 003 | CHAP | ||
| 005 | 20220329141029.0 | ||
| 008 | 971013s1996 r 00010 d | ||
| 010 | _a61550 | ||
| 011 | _a62522 | ||
| 035 | _a66696 | ||
| 040 | _cCHAP | ||
| 090 | _aTesis | ||
| 100 | 0 | 0 |
_aRuiz Nolasco, Roberto. _9100748 |
| 245 | _aEfecto del proceso de suelo sobre la germinación de semilla del pasto llanero (Andropogon gayanus Kunth) | ||
| 260 |
_aChapingo, Méx. : _bEl autor, _c1996 |
||
| 300 |
_a54 h. _b: gráfs. |
||
| 502 | _aTesis (Ing. Agr. Esp. en Zootecnia) -- UACH. Departamento de Zootecnia | ||
| 590 |
_aALEPH _b10 _c20130110 _lUCH01 _h1343 |
||
| 590 |
_aBATCH-UPD _b10 _c20130110 _lUCH01 _h0450 |
||
| 590 |
_aBATCH-UPD _b10 _c20130410 _lUCH01 _h0127 |
||
| 590 |
_aBATCH-UPD _b10 _c20130914 _lUCH01 _h0330 |
||
| 590 |
_aCONVERSION _b10 _c20130109 _lUCH01 _h1333 |
||
| 650 | 1 | 4 |
_aAndropogon gayanus. _95727 |
| 650 | 1 | 4 |
_aPastos _xGerminación. _986040 |
| 650 | 1 | 4 |
_aPastos _xSemilla. _986077 |
| 700 | 0 |
_aClemente Reyes, Ma. del Carmen. _923770 |
|
| 901 | _aBK | ||
| 942 | _cFOLL | ||
| 949 |
_bBC _cTES _d-151920 _eTS1 _h30566 _i66696 _si |
||
| 949 |
_bBC _cTES _d33724000624854 _eTS2 _fc.2 _h30567 _i66696 _si |
||
| 999 |
_c61550 _d61550 |
||